000 00677nam a22002297a 4500
005 20170124110227.0
010 _aA-827225
020 _c00.00
_a0356210308
035 _aA-827225
037 _bCen Lib/Ret
040 _aDPL
_bEN
082 _a613
_bBOD
100 _aBoddie, Hilary
_940968
245 _aThe herbal health and beauty book /
_cby Hilary Boddie
260 _aLondon
_bOptima Book
_c1994
270 _aBrettenham House, Lancaster Place
_bLondon
300 _a152p. :
_c24cm(pbk)
_bill.
500 _aIncludes index
650 _aHerbs -- Therapeutic use
_919343
650 _aWomen -- Beauty care
_940969
942 _2ddc
_cEN
_h613
_mBOD
999 _c134520
_d134520